000 00367nam a2200121 4500
999 _c9740
_d9740
008 180716b ||||| |||| 00| 0 eng d
100 _928921
_aDamicog, Jeffrey G.
245 _aDOJ to consolidate tax evasion cases vs mighty/
_cJeffrey G. Damicog
260 _aPhilippines
_bManila Bulletin
_cc2017
300 _apage 3.
650 0 _928922
_aTaxation.
942 _2ddc
_cPER